Thế giới động vật có gì lạ : Muôn vẻ chim trời
محفوظ في:
| المؤلف الرئيسي: | |
|---|---|
| التنسيق: | كتاب |
| اللغة: | Undetermined |
| منشور في: |
Hà Nội
Phụ Nữ
2006
|
| الموضوعات: | |
| الوسوم: |
إضافة وسم
لا توجد وسوم, كن أول من يضع وسما على هذه التسجيلة!
|
| Thư viện lưu trữ: | Trung tâm Học liệu Trường Đại học Cần Thơ |
|---|
| LEADER | 00592nam a2200205Ia 4500 | ||
|---|---|---|---|
| 001 | CTU_110543 | ||
| 008 | 210402s9999 xx 000 0 und d | ||
| 020 | |c 15000 | ||
| 082 | |a 500 | ||
| 082 | |b Ch304 | ||
| 100 | |a Nguyễn, Tiến Chiêm | ||
| 245 | 0 | |a Thế giới động vật có gì lạ : | |
| 245 | 0 | |b Muôn vẻ chim trời | |
| 245 | 0 | |c Nguyễn Tiến Chiêm | |
| 260 | |a Hà Nội | ||
| 260 | |b Phụ Nữ | ||
| 260 | |c 2006 | ||
| 650 | |a Knowledge,Science,Zoology | ||
| 904 | |i M.Loan | ||
| 980 | |a Trung tâm Học liệu Trường Đại học Cần Thơ | ||